000 02976cam a2200181 4500500
005 20260111094738.0
041 _afre
042 _adc
100 1 0 _aLeblanc, Edgar
_eauthor
245 0 0 _aMichel Boulet, L’École des paysans en Savoie et Haute-Savoie 1760-1960 , Chambéry, Société savoisienne d’histoire et d’archéologie, « Mémoires et documents n° cvii », deuxième trimestre 2014, 223 p.
260 _c2015.
500 _a69
520 _aPlusieurs auteurs suggèrent que les Pampas n’étaient pas suffisamment mécanisées, comme d’autres régions céréalières, durant la première moitié du xxe siècle. Ce retard supposé est attribué, entre autres, aux limites du marché intérieur des machines agricoles en Argentine, qui auraient été un obstacle à son industrie manufacturière. Cependant, des données empiriques démontrent le contraire. L’Argentine avait des machines agricoles en accord avec ses besoins, lui permettant d’être l’un des premiers exportateurs de céréales au xxe siècle. Dans cet article, nous analysons l’évolution du marché intérieur pour les machines agricoles afin de comprendre si celui-ci était un obstacle au développement capitaliste en Argentine.
520 _aSeveral authors suggest that the Pampas, just like some other grain-producing areas, were not sufficiently mechanized during the first half of the 20th century. This was supposed to have been caused, among other factors, by the small size of the domestic market for farm machinery in Argentina, which in turn prevented the development of a manufacturing industry. Empirical data, however, disprove this idea. Argentina did have access to farm machinery in large enough numbers to fulfill its needs, and consequently succeeded in becoming one of the largest grain-exporting nations in the 20th century. This paper analyzes the evolution of the domestic market for farm machinery, in order to understand whether this market ever constituted an obstacle to capitalist development in Argentina.
520 _aVarios autores sugieren que las Pampas no eran bastante mecanizadas, como otras comarcas cerealistas, durante la primera mitad del siglo XX. Lo que se atribuye, entre otras causas, a la debilidad del mercado interior de la maquinaria agrícola en Argentina que habría sido un obstáculo al desarrollo de esta industria. No obstante, los datos empíricos demuestran que no es así: Argentina disponía de maquinas agrícolas conforme a sus necesidades, lo que le permitió ser uno de los primeros exportadores de cereales en el siglo xx. En este trabajo, analizamos la evolución del mercado interior de la maquinaria agrícola para entender si era un freno al desarrollo capitalista de Argentina.
786 0 _nHistoire & Sociétés Rurales | 43 | 1 | 2015-07-10 | p. 149l-205l | 1254-728X
856 4 1 _uhttps://shs.cairn.info/revue-histoire-et-societes-rurales-2015-1-page-149l?lang=fr&redirect-ssocas=7080
999 _c1629193
_d1629193